| 000 | 00711nam a22001937a 4500 | ||
|---|---|---|---|
| 999 |
_c58228 _d58228 |
||
| 005 | 20221107165519.0 | ||
| 008 | 210922s2019 enk||||| |||| 00| 0 eng d | ||
| 020 | _a9789387698147 X | ||
| 041 | _aeng | ||
| 080 | _a371.58 P-71 | ||
| 245 |
_aPlagiarism: _bAn International Reader / _cEditor M P Satija, Daniel Martínez Ávila, Nirmal Kumar Swain. |
||
| 264 |
_aNew Delhi : _b Ess Ess Publications, _c2019. |
||
| 300 |
_a363 p. _b25 cm. |
||
| 653 | _aპლაგიატი | ||
| 700 |
_aMartínez Ávila, Daniel _eრედაქტორი _912519 |
||
| 700 |
_aSatija, M P _eრედაქტორი _912520 |
||
| 700 |
_aKumar Swain, Nirmal _eრედაქტორი _912521 |
||
| 942 |
_2udc _cBK |
||